ARRUPE JESUIT UNIVERSITY

CORONAVIRUS -STOP THE SPREAD - CLEAN,DISINFECT,COVER

Problemas do espaço português : (Record no. 127413)

MARC details
000 -LEADER
fixed length control field 01663cam a22002411i 4500
001 - CONTROL NUMBER
control field 813130
003 - CONTROL NUMBER IDENTIFIER
control field ARRUPE
005 - DATE AND TIME OF LATEST TRANSACTION
control field 20180117093646.0
008 - FIXED-LENGTH DATA ELEMENTS--GENERAL INFORMATION
fixed length control field 780412s1972 po 000 0 por
010 ## - LIBRARY OF CONGRESS CONTROL NUMBER
LC control number 75575275
040 ## - CATALOGING SOURCE
Original cataloging agency DLC
Transcribing agency ICU
Modifying agency DLC
043 ## - GEOGRAPHIC AREA CODE
Geographic area code e-po---
050 00 - LIBRARY OF CONGRESS CALL NUMBER
Classification number JN8509
Item number .P76
300 ## - PHYSICAL DESCRIPTION
Dimensions 25 cm.
100 ## - MAIN ENTRY--PERSONAL NAME
Personal name De Matos, Luis
9 (RLIN) 38521
245 00 - TITLE STATEMENT
Title Problemas do espaço português :
Remainder of title curso do extensão universitária.
Statement of responsibility, etc Luis De Matos et al...
260 ## - PUBLICATION, DISTRIBUTION, ETC. (IMPRINT)
Place of publication, distribution, etc Lisboa :
Name of publisher, distributor, etc Junta de Investigações do Ultramar, Centro de Estudos Políticos e Sociais,
Date of publication, distribution, etc 1972.
300 ## - PHYSICAL DESCRIPTION
Extent 288 p. ;
440 #0 - SERIES STATEMENT/ADDED ENTRY--TITLE
Title Estudos de ciências políticas e sociais ;
Volume number/sequential designation no. 87
9 (RLIN) 38522
505 0# - FORMATTED CONTENTS NOTE
Formatted contents note Matos, L. de. Renascimento português e cosmopolitismo.--Andrade, A. A. Banha de. Constantes histórias do espaço português.--Carvalho, H. Martins de. Portugal e a política mundial de alianças.--Brito, R. Soeiro de. Acerca de algumas regiões geográficas de Portugal.--Oliveira, M. A. Fernandes de. Situação da literatura no espaço português.--Guerra, J. de Jesus. Estrutura eclesiástica do espaço português.--Miranda, H. M. de. Problemas do espaço português--urbanismo.--Gonçalves, J. Dá Mesquita. O fator humano na reforma administrativa.--Carvalho, A. Lima de. Problemas de diferenciação e de integração sócio-cultural no espaço português.--Dias, J. Migrações dos povos e seus reflexos culturais.--Guedes, A. Marques. A unidade política nacional e a descentralização das províncias ultramarinas.
650 #0 - SUBJECT ADDED ENTRY--TOPICAL TERM
Topical term or geographic name as entry element Regionalism
Geographic subdivision Portugal.
9 (RLIN) 38523
651 #0 - SUBJECT ADDED ENTRY--GEOGRAPHIC NAME
Geographic name Portugal
General subdivision Administrative and political divisions.
9 (RLIN) 38524
906 ## - LOCAL DATA ELEMENT F, LDF (RLIN)
a 7
b cbc
c orignew
d u
e ncip
f 19
g y-gencatlg
942 ## - ADDED ENTRY ELEMENTS (KOHA)
Source of classification or shelving scheme Library of Congress Classification
Koha item type Monograph ( Printed materials)
Holdings
Withdrawn status Lost status Source of classification or shelving scheme Damaged status Not for loan Collection code Home library Current library Shelving location Date acquired Total Checkouts Full call number Barcode Date last seen Price effective from Koha item type
    Library of Congress Classification     Main Collection ARRUPE LIBRARY ARRUPE LIBRARY Main Collection 17/01/2018   JN8509 .P76 46600000881 17/01/2018 17/01/2018 Monograph ( Printed materials)

 

Arrupe Library. PO Box MP320 Mt Pleasant, Harare, Zimbabwe
263 242 745411|librarian@aju.ac.zw